000 00613nam a2200205 a 4500
005 20210219153452.0
008 991125n 000 0 eng u
035 _aUPN01000101656
100 _aNicklin, Julie L.
222 _aCHRONICLE OF HIGHER EDUCATION
245 _aTeacher-education programs debate the need for accrediting agency's stamp of approval
300 _aA19, 22
362 _a1992 38, no. 35
653 0 _aACREDITACION (INSTITUCIONES)
653 0 _aAGENCIAS ACREDITADAS
653 0 _aNORMAS
653 0 _aPROGRAMAS DE EDUCACION A MAESTROS
904 _aAC
_b039467
905 _aArticulo
999 _c77695
_d77695